[Event "Robecchetto op 21th Autumn"]
[Site "Robecchetto"]
[Date "2010.11.11"]
[Round "6"]
[White "Rosescu, Liviu"]
[Black "Turchi, Alessandro"]
[Result "1-0"]
[WhiteElo "1494"]
[BlackElo "1428"]
[PlyCount "95"]
[EventDate "2010.10.07"]
[EventType "swiss"]
[EventRounds "7"]
[EventCountry "ITA"]
[SourceTitle "EXT 2024"]
[Source "ChessBase"]
[SourceDate "2023.10.10"]
[SourceVersion "1"]
[SourceVersionDate "2023.10.10"]
[SourceQuality "1"]

1. c4 Nf6 2. Nc3 g6 3. d4 d5 4. Nf3 Bg7 5. Bg5 Ne4 6. Bf4 Nxc3 7. bxc3 c5 8. e3 Qa5 9. Qb3 cxd4 10. exd4 e6 11. Bd6 Nc6 12. Rd1 Bf6 13. c5 Be7 14. Bxe7 Nxe7 15. Bb5+ Nc6 16. Ne5 Qc7 17. Bxc6+ bxc6 18. Rb1 0-0 19. 0-0 Ba6 20. Rfe1 Rab8 21. Qc2 f6 22. Nf3 Rfe8 23. Re3 Rxb1+ 24. Qxb1 e5 25. Nd2 e4 26. Qc2 f5 27. c4 Rb8 28. g3 f4 29. gxf4 Qxf4 30. Ra3 Rf8 31. Nf1 Bxc4 32. Qd2 Qh4 33. Rg3 Rf3 34. Ne3 Rxg3+ 35. hxg3 Qg5 36. Nxc4 Qxd2 37. Nxd2 a5 38. a4 Kf7 39. Nb3 Ke6 40. Nxa5 Kd7 41. Nb7 Kc7 42. Nd6 Kb8 43. g4 Ka7 44. Nc8+ Ka6 45. Ne7 Kb7 46. g5 Kc7 47. Ng8 Kb7 48. Nf6 1-0